| 000 | 00741nam a2200217 i 4500 | ||
|---|---|---|---|
| 001 | 45198 | ||
| 003 | ES-MaACL | ||
| 005 | 20251015063056.0 | ||
| 007 | t| | ||
| 008 | 030325s1965 sp ||||1| spa d | ||
| 100 | 1 |
_aCobo Suero, Juan Manuel, _d1937- _939358 |
|
| 245 | 1 | 3 |
_aUn ensayo de pensamiento social postcomunista / _cpor J. M. Cobo Suero. |
| 260 |
_aMadrid : _bRazón y Fé, _c[1965] |
||
| 300 |
_a161 p. ; _c19 cm. |
||
| 490 | 1 |
_aBiblioteca Razón y Fe de Cuestiones Actuales ; _v59 |
|
| 650 | 7 |
_aProblemas sociales _2embne _916415 |
|
| 650 | 0 | 4 |
_aPolítica social. _916308 |
| 830 | 0 |
_aBiblioteca Razón y Fe de Cuestiones Actuales ; _v59 _9182379 |
|
| 852 |
_aES-MaACL _jC-28519 _bR.57849 |
||
| 999 |
_c45198 _d45198 |
||